Administración industrial y general: coordinación-control-previsión-organización-mando

محفوظ في:
التفاصيل البيبلوغرافية
المؤلفون الرئيسيون: Fayol, Henri (مؤلف), Taylor, Frederick Winslow (مؤلف)
التنسيق: كتاب
اللغة:الإسبانية
منشور في: Buenos Aires El Ateneo 1991
الطبعة:15a. ed
سلاسل:Biblioteca de Ciencias Económicas. Serie Administración y Dirección
الموضوعات:
الوسوم: إضافة وسم
لا توجد وسوم, كن أول من يضع وسما على هذه التسجيلة!

MARC

LEADER 00000nam a2200000 a 4500
001 UCX0453
003 CL-VaPUC
008 891019e19910000AG |||||||||||||||||spa|d
082 0 4 |a 658  |b FAY  |2 21 
100 0 |a Fayol, Henri  |e author  |9 315869 
700 0 |a Taylor, Frederick Winslow  |e author  |9 315870 
245 1 0 |a Administración industrial y general: coordinación-control-previsión-organización-mando 
246 1 0 |a Principios de la administración científica 
250 |a 15a. ed 
300 |a 210 p 
942 |c BK 
945 |d 19891019 00:00:00 
260 |a Buenos Aires  |b El Ateneo  |c 1991 
650 0 |a Administración  |9 259325 
583 |a last modification  |c 19891019 00:00:00  |k Rodrigo Vera 
490 0 |a Biblioteca de Ciencias Económicas. Serie Administración y Dirección 
999 |c 222052  |d 222050 
952 |0 0  |1 0  |4 0  |6 658_000000000000000_FAY_1991  |7 0  |8 R  |9 216233  |a BIBENE  |b BIBENE  |d 2019-11-15  |i 2848368  |o 658 FAY 1991  |p 2848368  |r 2025-01-15  |w 2019-11-15  |y BK_R  |k ICO 
952 |0 0  |1 0  |4 0  |6 658_000000000000000_FAY_1991  |7 0  |8 R  |9 216234  |a BIBENE  |b BIBENE  |d 2019-11-15  |i 2848376  |o 658 FAY 1991  |p 2848376  |r 2025-01-15  |w 2019-11-15  |y BK_R  |k ICO 
952 |0 0  |1 0  |4 0  |6 658_000000000000000_FAY_1991  |7 0  |8 R  |9 216235  |a BIBENE  |b BIBENE  |d 2019-11-15  |i 2848384  |o 658 FAY 1991  |p 2848384  |r 2025-01-15  |w 2019-11-15  |y BK_R  |k ICO 
952 |0 0  |1 0  |4 0  |6 658_000000000000000_FAY_1991  |7 0  |8 R  |9 216236  |a BIBENE  |b BIBENE  |d 2019-11-15  |i 2848392  |o 658 FAY 1991  |p 2848392  |r 2025-01-15  |w 2019-11-15  |y BK_R  |k ICO 
952 |0 0  |1 0  |4 0  |6 658_000000000000000_FAY_1991  |7 0  |8 A  |9 216237  |a BIBMEC  |b BIBMEC  |d 2019-11-15  |i 2703947  |o 658 FAY 1991  |p 2703947  |r 2024-01-19  |w 2019-11-15  |y BK  |k MEC